[Event "FRA-ch U16 Girls"]
[Site "Aix les Bains"]
[Date "2006.??.??"]
[Round "1"]
[White "Bomba, Melody"]
[Black "Castel, Benedicte"]
[Result "1-0"]
[WhiteElo "1900"]
[BlackElo "1540"]
[PlyCount "129"]
[EventDate "2006.04.16"]
[EventType "swiss"]
[EventRounds "9"]
[EventCountry "FRA"]
[SourceTitle "EXT 2007"]
[Source "ChessBase"]
[SourceDate "2006.11.23"]
[SourceVersion "1"]
[SourceVersionDate "2006.11.23"]
[SourceQuality "1"]

1. d4 d5 2. c4 Nf6 3. Nc3 c6 4. Bg5 Nbd7 5. Nf3 h6 6. Bh4 Qc7 7. e3 e6 8. a3 b6 9. Bd3 Bb7 10. Qe2 Be7 11. cxd5 exd5 12. Rc1 a6 13. 0-0 0-0 14. h3 Rfe8 15. Rfe1 b5 16. Na2 Qb6 17. Nc3 a5 18. Bg3 b4 19. Na4 Qa7 20. axb4 axb4 21. Ra1 Ba6 22. b3 Qb7 23. Ne5 Bb5 24. Nxd7 Nxd7 25. Bxb5 cxb5 26. Nb2 Rac8 27. Rec1 Rxc1+ 28. Rxc1 Bf6 29. Rc7 Qa6 30. Rxd7 Bxd4 31. Rxd5 Bf6 32. Nd1 Rc8 33. Be5 Be7 34. Qg4 Bf8 35. Qd4 Rc1 36. Rd8 Qe6 37. Bxg7 Rxd1+ 38. Qxd1 Kxg7 39. Qg4+ Qg6 40. Qxg6+ fxg6 41. Rd5 Kf6 42. Kf1 Ke6 43. e4 g5 44. Ke2 Bd6 45. Rxb5 Kd7 46. Kd3 Ke6 47. Kd4 Bc7 48. Rxb4 h5 49. Rb5 Bd8 50. Rd5 Bb6+ 51. Kc4 Bxf2 52. Rxg5 h4 53. b4 Kd6 54. b5 Kc7 55. e5 Kd7 56. Rg6 Kc7 57. Kd5 Be3 58. e6 Kd8 59. Rg7 Bf4 60. Kc6 Ke8 61. b6 Be5 62. b7 Kf8 63. Rd7 Ke8 64. Rc7 Bxc7 65. Kxc7 1-0